000
00229nam a2200085Ia 4500
245
0
_a
Love the one you're with
100
_a
Giffin, Emily Leicester, 2009
_9
86369
942
_c
BK
008
210817s9999 xx 000 0 und d
999
_c
329825
_d
329824